000 00693nam a2200229 a 4500
005 20240910063838.0
008 130918s2011 mx r 000 0 spa d
020 _a9786073102827
035 _aUPN01000192980
049 _aCG
050 4 _aPS3604 A5.4
_bE7.3
100 1 _aDaneshvari, Gitty
_934642
245 1 0 _aEscuela de frikis /
_cGitty Daneshvari ; il. Carrie Gifford ; tr. Laura Manero.
260 _aMéxico :
_bMontena,
_c2011.
300 _a281 p. :
_bil.
440 0 _aInfinita
534 _pTítulo original:
_tSchool of fear
650 4 _aLiteratura juvenil estadounidense
_912776
650 4 _aMIEDO -
_vLITERATURA JUVENIL
_912490
905 _aLibro
999 _c165081
_d165081